000 00614 a2200265 4500
001 23999
003 TR-AnTOB
005 20250508152631.0
008 110131s1937 nyu 000 0
020 _a0582427576
035 _a23999
040 _cTR-AnTOB
041 0 _aeng
050 0 0 _aPE1128
099 _aPE EASY PEA L2 ESC 2000
100 1 _aEscott, John
_917636
245 0 0 _aLost in new york /
_cJohn Escott.
264 1 _aEdinburg :
_bPearson Education,
_c2002.
300 _a25 p. ;
_c18 cm.
490 0 _aPenguin Readers
500 _aLevel 2
651 _aAmerica
_917820
942 _cBK
_2lcc
999 _c23999
_d10300